LEADER 00850nam0 2200301 450 001 000010977 005 20080512094339.0 100 $a20080512d1982----km-y0itay50------ba 101 0 $aita 102 $aIT 105 $ay-------001-y 200 1 $aPensiero lingua universo$fMax Schulte 210 $aNapoli$cEdizioni scientifiche italiane$d[1982] 215 $a250 p.$d24 cm 610 1 $aLinguistica 610 1 $aLingue 676 $a410$v18$9Linguistica 676 $a438$v20 700 1$aSchulte,$bMax$0213892 801 0$aIT$bUNIPARTHENOPE$c20080512$gRICA$2UNIMARC 912 $a000010977 951 $a438/115$b25711$cNAVA1 951 $a438/114$b24197$cNAVA1 951 $a438/113$b24260$cNAVA1 951 $a438/112$b24199$cNAVA1 951 $a438/111$b24198$cNAVA1 996 $aPensiero lingua universo$9235965 997 $aUNIPARTHENOPE LEADER 01523nam0 22003733i 450 001 RMS0141102 005 20251003044344.0 010 $a0898714915 010 $a9780898714913 100 $a20081203d2001 ||||0itac50 ba 101 | $aeng 102 $aus 181 1$6z01$ai $bxxxe 182 1$6z01$an 183 1$6z01$anc$2RDAcarrier 200 1 $aLectures on modern convex optimization$eanalysis, algorithms, and engineering applications$fAharon Ben-Tal, Arkadi Nemirovski 210 $aPhiladelphia$cSIAM$cMPS$dc2001 215 $aXVI, 488 p.$cill.$d25 cm. 225 | $aMPS-SIAM series on optimization$v2 410 0$1001PUV0797618$12001 $aMPS-SIAM series on optimization$v2 606 $aProgrammazione non lineare$2FIR$3CFIC024703$9E 676 $a519.7$9MATEMATICA APPLICATA. PROGRAMMAZIONE$v14 676 $a519.76$9PROGRAMMAZIONE. PROGRAMMAZIONE NON LINEARE$v22 700 1$aBen Tal$b, Aharon$3MILV129743$4070$054400 701 1$aNemirovskii?$b, Arkadii? Semenovich$3MILV120530$4070$0725351 790 1$aNemirovskii$b, Arkadii$3MILV120746$zNemirovskii?, Arkadii? Semenovich 801 3$aIT$bIT-000000$c20081203 850 $aIT-BN0095 901 $bNAP 01$cSALA DING $n$ 912 $aRMS0141102 950 0$aBiblioteca Centralizzata di Ateneo$c1 v.$d 01SALA DING 519.7 BEN.le$e 0102 0000046315 VMA A4 1 v.$fY $h20030127$i20030127 977 $a 01 996 $aLectures on modern convex optimization$91574815 997 $aUNISANNIO